|
|
|
|
| LEADER |
00000nam0a2200000 4500 |
| 001 |
324475 |
| 005 |
20231102003654.0 |
| 035 |
|
|
|a (RuTPU)RU\TPU\book\350073
|
| 090 |
|
|
|a 324475
|
| 100 |
|
|
|a 20161116d1946 km y0rusy50 ca
|
| 101 |
0 |
|
|a rus
|
| 102 |
|
|
|a RU
|
| 105 |
|
|
|a a z 001zy
|
| 200 |
1 |
|
|a Гидравлический удар в водопроводах и борьба с ним
|f А. А. Сурин
|
| 210 |
|
|
|a Москва
|c Государственное транспортное железнодорожное издательство
|d 1946
|
| 215 |
|
|
|a 371 с.
|c ил.
|
| 320 |
|
|
|a Библиогр.: с. 366-371
|
| 606 |
1 |
|
|a Гидравлический удар, теория
|2 stltpush
|3 (RuTPU)RU\TPU\subj\6538
|9 34406
|
| 606 |
1 |
|
|a Водопроводы
|2 stltpush
|3 (RuTPU)RU\TPU\subj\2953
|9 31443
|
| 610 |
1 |
|
|a противоударные приборы
|
| 610 |
1 |
|
|a скорость
|
| 610 |
1 |
|
|a распространение
|
| 610 |
1 |
|
|a задвижки
|
| 610 |
1 |
|
|a напор
|
| 610 |
1 |
|
|a потери
|
| 610 |
1 |
|
|a трение
|
| 610 |
1 |
|
|a трубопроводы
|
| 610 |
1 |
|
|a противоударные упаковки
|
| 610 |
1 |
|
|a предохранительные клапаны
|
| 610 |
1 |
|
|a гасители
|
| 675 |
|
|
|a 532.733.1
|v 4
|
| 675 |
|
|
|a 628.14
|v 4
|
| 700 |
|
1 |
|a Сурин
|b А. А.
|
| 801 |
|
1 |
|a RU
|b 63413507
|c 20161116
|
| 801 |
|
2 |
|a RU
|b 63413507
|c 20200210
|g RCR
|
| 942 |
|
|
|c BK
|